|
|
|
|
| LEADER |
00674cam a2200145 a 4500 |
| 020 |
|
|
|a 9781447221876
|
| 082 |
0 |
0 |
|a 823
|b ARC/TW
|
| 100 |
1 |
|
|a Archer, Jeffrey,
|
| 245 |
1 |
2 |
|a Twist in the tale /
|
| 260 |
|
|
|a New York :
|b Simon and Schuster,
|c c1988.
|
| 300 |
|
|
|a 240 p. ;
|
| 505 |
0 |
|
|a The perfect murder -- Clean sweep Ignatius -- A la carte -- Not the real thing -- Just good friends -- The steal -- Colonel Bullfrog -- Checkmate --Honor among thieves -- A chapter of accidents -- The loophole -- Christina Rosenthal.
|
| 942 |
|
|
|c BK
|
| 999 |
|
|
|c 6668
|d 6668
|
| 952 |
|
|
|0 0
|1 0
|4 0
|6 823_000000000000000_ARC_TW
|7 0
|8 FIC
|9 8534
|a KUFOS
|b KUFOS
|c FIC
|d 2016-06-20
|o 823 ARC/TW
|p 16588
|r 2016-06-20
|w 2016-06-20
|y BK
|